000 00767nam a2200265Ia 4500
001 Para_2453
003 CHAP
008 220125s1984 xx 000 0 und d
010 _a200987
040 _cCHAP
082 _aPA 581.9093 T4
100 _aThurston, H. David
_9113015
245 _aTropical plant diseases /
_c by H. David Thurston
260 _aSt. Paul, Minn. :
_b American Phytopathological Society
300 _a208 p.
650 _aPlantas tropicales
_x Enfermedades
_989091
710 _aAmerican Phytopatological Society. St. Paul, Minn
_9165838
901 _aPA 581.9093 T4
902 _aA
905 _a0000001984 STPa 0000000000 00
910 _a1984
942 _cPARA
942 _cPARA
_d1
999 _c200987
_d200987